[Event "Petrov Memorial op"]
[Site "St Petersburg"]
[Date "1996.??.??"]
[Round "9"]
[White "Sakaev, Konstantin"]
[Black "Andreev, Konstantin"]
[Result "1-0"]
[WhiteElo "2560"]
[BlackElo "2310"]
[Annotator "Stohl,I"]
[PlyCount "69"]
[EventDate "1996.02.??"]
[EventType "swiss"]
[EventRounds "9"]
[EventCountry "RUS"]
[SourceTitle "CBM 052"]
[Source "ChessBase"]
[SourceDate "1996.06.01"]
[SourceVersion "1"]
[SourceVersionDate "1996.06.01"]
[SourceQuality "1"]

1. d4 {Mowsziszian,K Ftacnik} Nf6 2. Nf3 c5 3. d5 b5 4. Bg5 Qb6 (4... Bb7 5.
Bxf6 exf6 6. a4 a6 7. e3 Qb6 8. Be2 (8. Na3 $5 $14) 8... Be7 9. O-O O-O 10. Nc3
b4 11. Ne4 d6 12. a5 Qc7 13. Qd3 Nd7 14. Ned2 g6 15. e4 f5 $1 16. exf5 Nf6 17.
fxg6 hxg6 18. Ng5 Bxd5 19. f4 Qa7 20. Kh1 Qb7 21. Qg3 Kg7 22. f5 Rh8 23. fxg6
fxg6 24. Bf3 Nh5 $13 {1/2/Van de Mortel,J-Miles,A/Wijk-B/1996/}) 5. Bxf6 (5.
Nc3 b4 6. Na4 Qa5 7. Bxf6 gxf6 8. b3 f5 (8... Bg7 9. Qd3 Bb7 10. g3 e6 11. dxe6
fxe6 12. Bg2 O-O 13. Rd1 Re8 14. Qd6 Bf8 15. Qf4 Bg7 16. Qe3 Bf8 17. Nh4 Bxg2
18. Nxg2 Qc7 19. O-O Qc6 20. Qf4 Be7 21. e4 Na6 22. Ne3 Nc7 23. Nb2 Rad8 24.
Nbc4 $16 {[%csl Rf6,Rf7,Rg7,Rh7] ׻,Stephson,D-Meldrum,A/Brisbane QSL-ch/1995/}
) 9. Nd2 Qc7 10. Nc4 d6 11. c3 bxc3 12. Nxc3 Bg7 13. Rc1 O-O 14. g3 Nd7 15. Bh3
Ne5 16. O-O Rb8 17. Nxe5 Bxe5 18. Qd2 $14 {1/2/Schlosser,P-Sievers,S/Budapest
Elekes/1992/}) 5... Qxf6 6. c3 Qb6 (6... d6 7. e4 a6 8. Nbd2 g5 $5 9. g3 Nd7
10. Bg2 h5 (10... Bg7 {Mowsziszian,K} 11. O-O Rb8 12. Rc1 O-O 13. b4 Qg6 14.
Qe2 Rb7 15. Nb3 Rc7 16. Na5 Re8 17. Rfd1 e6 18. Qf1 Bf6 19. h3 h5 {0-1 Izeta,
F-Gelpke,P/Linares op ;EXP 45 1995 (51)}) 11. a4 b4 12. Rc1 Rb8 13. a5 h4 14.
O-O h3 15. Bh1 g4 16. Ne1 Ne5 17. c4 Bh6 18. Rc2 b3 19. Rc3 Bd7 20. f4 gxf3 21.
Nexf3 Ng4 22. Re1 O-O $13 {Mainka,G-Bukal,V/Dortmund-D/1991/}) (6... e6 {
Mowsziszian,K} 7. e4 Qg6 8. Nbd2 a6 9. a4 bxa4 10. Qxa4 Be7 11. g3 exd5 12.
exd5 O-O 13. Bg2 d6 14. O-O Ra7 15. Nc4 Bd7 16. Qa2 Bd8 17. Rfe1 Rb7 18. Nfd2
f5 19. f4 h5 {0-1 Svidler,P-Vakin,S/St.Petersburg U18-qual ;EXT 93 1993 (48)})
7. e4 g6 (7... e6 $5) 8. Nbd2 $5 $146 (8. a4 b4 9. a5 Qc7 10. Bc4 $6 {This is
a square for a N.} Bg7 11. O-O O-O 12. Qc2 Qf4 13. Ra4 bxc3 14. Nxc3 d6 15. e5
Bd7 16. Bb5 Qf5 17. Qxf5 Bxf5 18. a6 dxe5 19. d6 exd6 20. Nd5 Bd7 21. Nc7 Rc8
22. Bxd7 Rxc7 23. Bb5 Nc6 24. Bc4 Rb8 $17 {Engqvist,T-Storland,K/Gausdal Int/
1990/}) 8... Bg7 (8... a6 9. a4 Bb7 10. axb5 axb5 11. Rxa8 Bxa8 12. Qb3 $36) 9.
a4 b4 (9... bxa4 10. Nc4 $16 {[%csl Gd5,Ge4,Ra4,Ra7] [+],׫}) 10. Nc4 (10. a5
Qd8 11. Qc2 O-O 12. Bd3 e6 13. O-O exd5 14. exd5 Bb7 15. cxb4 cxb4 16. Bc4 Na6
17. Nb3 Rc8 18. Qd3 Qf6 19. Nfd2 Nb8 20. Rab1 Rfe8 21. h3 Qf4 22. g3 Qh6 23. h4
Qh5 24. Rfe1 d6 25. Ne4 Qe5 26. Re3 Qe7 {Kolev,At-Mateu,X/Sitges op (4) 1993/1/
2-1/2 (58)}) 10... Qb7 (10... Qc7 $6 11. d6 $36) 11. Qc2 (11. e5 d6 12. Be2
bxc3 13. bxc3 Qc7 14. O-O dxe5 15. d6 exd6 16. Nxd6+ Ke7 17. Nb5 Qb6 18. Ng5
Bb7 19. Qb3 Rf8 20. a5 Qa6 21. Nd4 cxd4 22. Bxa6 Bxa6 23. Qb4+ Kd7 24. Ne4 {
1-0 Kaidanov,G-Alburt,L/New York op (08) 1994}) 11... d6 12. Bd3 O-O 13. O-O
bxc3 (13... Bg4 14. Nfd2 $14 {[%cal Rf2f5] /\f4-f5}) (13... Nd7 14. Na5 {
[%csl Rc6] ><c6}) (13... a5 $142 {Mowsziszian,K /\ Nd7} 14. e5 dxe5 $132) 14.
bxc3 Qc7 15. Ne3 Ba6 $6 {By exchanging his "good" B Black gets an inferior
position, in which White's control of c4 and central preponderance give him
attacking chances.  Mowsziszian: Nach dem Läufertausch steht der schwarze
Springer unglaublich schlecht,} (15... e5 $5 16. Rab1 $14 {[%cal Yb8d7,Yd7f6,
Yf6h5,Yh7h5,Yg7h6] leads to a King's Indian structure, in which Black can gain
counterplay by preparing f5. (Nd7-f6-h5 or h5,Bh6)}) (15... Nd7 $142 {
Mowsziszian,K}) 16. Bxa6 Nxa6 17. Nc4 Rab8 (17... Nb8 $142 {[%cal Yb8d7] /\Nd7.
Black needs his N on the other side of the board.}) 18. Nfd2 $1 {Covering all
the entrance points on the b-file, so that White can concentrate his R on the
K-side.} e6 {Mowsziszian: Nach diesem Zug bekommt Weiß zwei schwache Felden
auf d6 und f6. Schwarz sollte liber die Stellung seines Na6 verbesseren.} (
18... Rb7 {Mowsziszian,K} 19. f4 Nb8 $14 {/\Nd7}) 19. Qd3 Rfd8 $2 (19... exd5
$142 20. exd5 Rbe8 {/\Nb8-d7}) 20. f4 $1 {Droht Vorstos f4-f5-f6->} exd5 21.
exd5 $16 {[%cal Rf4f5] ->>>,/\f5} f5 $6 {After this weakening White's position
plays itself, but it's hard to recommend anything better. ><e6} 22. Rfe1 Rd7
23. Nf3 {[%cal Rf3g5,Rg5e6] /\Ng5-e6} h6 (23... Rb3 $2 24. Ncd2 $1 (24. Re8+ {
Mowsziszian,K} Kf7 25. Rae1 Bxc3 26. Ng5+ $18) 24... Rb6 (24... Nb4 25. Re8+
Kf7 26. Qe2 {[%cal Rd2b3,Re2e6] /\Qe6#,Nb3}) 25. a5 $18) 24. Re6 Kh7 25. Rae1 (
25. Nh4 {Mowsziszian,K} Nb4 26. Qg3 $16) 25... Qd8 (25... Rb3 26. Rxg6 $3 Kxg6
27. Nh4+ Kf7 (27... Kh7 28. Qxf5+) (27... Kh5 28. Qxf5+ Kxh4 29. g3#) 28. Qxf5+
Bf6 29. Re6 $18) 26. g4 $1 $18 {->} Qf8 $8 27. Nh4 Bf6 28. Nxg6 (28. Nxf5 gxf5
29. Qxf5+ Kg7 30. Rxf6 {-28.Ng6}) 28... Kxg6 29. Qxf5+ Kg7 30. Rxf6 $1 Qxf6 (
30... Qd8 {Ftacnik} 31. Rg6+ Kh8 32. Re8+ $1 Qxe8 33. Qf6+ Kh7 34. Rxh6+ Kg8
35. Rh8#) 31. Qxd7+ Kf8 (31... Kg8 32. Re8+ $18) 32. Nxd6 Qxf4 33. Rf1 Rb1 34.
Qe8+ Kg7 35. Nf5+ (35. Nf5+ Kf6 36. Qe7+ Kg6 37. Nh4#) 1-0

[Event "Tilburg"]
[Site "Tilburg"]
[Date "1994.??.??"]
[Round "3"]
[White "Lputian, Smbat G"]
[Black "Tukmakov, Vladimir B"]
[Result "0-1"]
[WhiteElo "2590"]
[BlackElo "2565"]
[Annotator "Stohl,I"]
[PlyCount "101"]
[EventDate "1994.09.??"]
[EventType "k.o."]
[EventRounds "7"]
[EventCountry "NED"]
[SourceTitle "CBM 044"]
[Source "ChessBase"]
[SourceDate "1995.02.01"]
[SourceVersion "1"]
[SourceVersionDate "1995.02.01"]
[SourceQuality "1"]

1. d4 c5 2. d5 f5 $5 3. Nc3 Nf6 4. Bg5 (4. g3 g6 5. Bg2 Bg7 6. Nh3 O-O 7. O-O
d6 8. Nf4 Na6 9. e4 Nc7 10. exf5 Bxf5 11. h3 Rb8 12. Re1 b5 13. g4 Bc8 14. a3
a5 15. Ne6 Bxe6 16. dxe6 b4 17. axb4 axb4 18. Ne2 Nfe8 19. Ra7 Bf6 20. f4 Bh4
21. Rf1 Ng7 22. f5 $1 gxf5 23. gxf5 Rxf5 24. Rxf5 Nxf5 25. Nf4 $40 {Haik,
A-Vaisman,V/FRA-chT/1994/}) 4... Qb6 5. Bxf6 $146 (5. Qd2 h6 $5 6. Bxf6 Qxf6 7.
O-O-O d6 8. e4 g6 9. Bb5+ Nd7 10. exf5 Qxf5 11. Bd3 Qf7 12. Nb5 Kd8 13. Nf3 Bg7
14. Rhe1 Rf8 15. Kb1 g5 16. Re4 Qf6 17. c4 Qf7 18. Rde1 Ne5 19. Nxe5 Bxe5 20.
f3 Bf6 21. Re6 $5 $44 {Alburt,L-Levitt,J/New York op/1994/}) (5. Rb1 Ne4 6.
Nxe4 fxe4 7. Qd2 e5 8. f3 c4 9. Be3 Bc5 10. Bxc5 Qxc5 11. fxe4 O-O 12. Nf3 d6
13. b4 Qc7 14. e3 Nd7 15. Qc3 b5 16. a4 a6 17. a5 Nf6 18. Nd2 Ng4 19. Be2 Qe7
$36 {Solozhenkin,E-Korzubov,P/Ashkhabad/1990/}) 5... Qxf6 6. e3 (6. e4 fxe4 7.
Qd2 g6 $13) 6... g6 (6... d6 $142 $5 7. Bb5+ Nd7 $13) 7. Bc4 (7. d6 $1 Qxd6 8.
Qxd6 exd6 9. Nb5 Na6 10. O-O-O $16) 7... d6 8. Nge2 Nd7 (8... Bg7 9. Nf4 Na6 $5
{/\Nc7}) 9. Nf4 Ne5 10. Qe2 (10. Bb5+ Kf7 $132) 10... Bh6 (10... Bg7 11. h4 {
/\ 12.h5 g5 13.h6->}) 11. h4 O-O 12. a4 Nxc4 (12... Bd7 13. Bb5 $14) 13. Qxc4
b6 $13 14. g3 a6 15. O-O Bd7 16. Ne6 Rfb8 (16... Bxe6 $2 17. dxe6 $16 {ץh6,/
\Nd5}) (16... Rfc8 $13) 17. Rfb1 (17. Nc7 Ra7 18. Nxa6 $2 Rba8 $19) (17. e4 $6
f4 $36) (17. f4 {/\e4|^} b5 $1 18. axb5 axb5 19. Rxa8 Rxa8 $15) 17... Kf7 18.
Nf4 Rb7 $1 {/\b5} (18... b5 $6 19. axb5 axb5 20. Rxa8 bxc4 (20... Rxa8 21. Nxb5
) 21. Rxb8 $16) 19. Qd3 Rc7 20. Ra2 Bg7 21. Kg2 Rcc8 (21... c4 $6 22. Qd2 Rb8
23. Nce2 {/\Nd4-e6}) 22. Qe2 Bh6 (22... Kg8 $5 {/\Qf7,Be5}) 23. Rba1 Kg8 $1 24.
Ra3 Qf7 25. Kg1 (25. Rb3 Rcb8 26. Qc4 Bg7 {/\} 27. Ne6 Bxc3 $1 28. bxc3 b5 $15)
25... Bg7 26. Rb3 Rcb8 27. Qc4 Be5 $5 $13 (27... Bxc3 28. Qxc3 b5 29. axb5 axb5
30. Rxa8 Rxa8 31. Ra3 $10) 28. Qe2 Ra7 29. Kg2 h6 30. Rh1 Raa8 (30... g5 $6 31.
hxg5 hxg5 32. Ne6 $40 {<->h}) (30... Bxc3 31. Rxc3 Bxa4 32. e4 $44 (32. Ra1 Bb5
33. Qxb5 $5 axb5 34. Rxa7 $44)) 31. Qd3 Bxc3 $6 (31... b5 32. axb5 axb5 33.
Nxb5 Bxf4 34. exf4 Bxb5 35. Rxb5 Rxb5 36. Qxb5 Qxd5+ 37. Kh2 $10) 32. Rxc3 Bxa4
33. g4 (33. e4 $1 $36 {׻}) 33... Bb5 34. Qd1 fxg4 (34... Kh7 35. g5 $5 h5 36.
Re1 {/\e4~/=}) 35. Qxg4 Kh7 36. Rh3 $138 (36. e4 $142 $5 {/\Rf3}) 36... Rg8 37.
Ne6 $2 (37. e4 $13 {[]}) 37... Qf5 $1 $17 38. Qxf5 gxf5+ 39. Kf3 Rg4 40. Nf4
Bd7 41. Ra3 a5 (41... b5 42. Ra5 {><a6}) 42. c4 Kg7 43. Rh1 $2 (43. Ke2 $17)
43... e5 $1 44. dxe6 $8 (44. Nh3 Rxc4 $19) 44... Bc6+ 45. Nd5 Rxc4 $19 46. Rd3
(46. Rd1 Re8 47. Ke2 Rxe6 48. Nxb6 Rb4 $19) 46... Re8 47. Rg1+ Kh7 $1 (47...
Kf8 48. Rg6) 48. Ke2 Rxe6 49. Kd2 Rxh4 50. Nf4 Rf6 51. Kc3 (51. Kc3 {/\Rgd1}
Bf3 $1 $19) 0-1

[Event "Dortmund SuperGM 25th"]
[Site "Dortmund"]
[Date "1997.07.11"]
[Round "7"]
[White "Huebner, Robert"]
[Black "Ivanchuk, Vassily"]
[Result "0-1"]
[WhiteElo "2580"]
[BlackElo "2725"]
[Annotator "Stohl,I"]
[PlyCount "84"]
[EventDate "1997.07.04"]
[EventType "tourn"]
[EventRounds "9"]
[EventCountry "GER"]
[EventCategory "18"]
[SourceTitle "CBM 060"]
[Source "ChessBase"]
[SourceDate "1997.09.29"]
[SourceVersion "1"]
[SourceVersionDate "1997.09.29"]
[SourceQuality "1"]

1. d4 Nf6 2. Nf3 c5 3. d5 g6 4. Nc3 d6 {This move is a must for Black in the
early stage, as} (4... Bg7 5. e4 O-O $6 6. e5 Ng4 7. Ng5 $1 $40 {has been
proven unsatisfactory.}) 5. e4 Bg7 6. Be2 Na6 (6... O-O 7. O-O Na6 8. h3 Nc7 9.
a4 a6 10. Bf4 Rb8 11. a5 b5 12. axb6 Rxb6 13. Ra2 e6 14. dxe6 Bxe6 15. b3 Nb5
16. Bxb5 axb5 17. Re1 Nh5 18. Bg5 Bf6 19. Qd2 b4 20. Nd5 Bxd5 21. Qxd5 Bxg5 22.
Qxg5 Qxg5 23. Nxg5 h6 24. Nf3 Nf4 25. Nd2 Re8 26. Nc4 Rc6 $11 {Bukic,E-Ceko,J/
Ljubljana op/1997/}) 7. O-O Nc7 8. Bf4 (8. Nd2 O-O 9. a4 b6 10. Nc4 Ba6 11. Bf4
Nh5 12. Bg5 f5 13. f3 Bd4+ 14. Kh1 f4 15. Na3 Bc8 16. Qe1 Bd7 17. Nc4 Qe8 18.
Bd3 Rb8 19. e5 $1 Bxc3 20. bxc3 Nxd5 21. exd6 e6 22. Ne5 $40 {Asrian,
K-Zakharevich,I/Russia Cup6 Krasnodar/1997/}) 8... O-O 9. a4 b6 10. Qd2 (10.
Re1 Rb8 11. Bf1 Bg4 12. h3 Bxf3 13. Qxf3 Nd7 14. Nb5 Nxb5 15. axb5 Bxb2 16.
Rxa7 Bg7 17. Qa3 Ra8 18. Ra6 Rb8 19. Ra7 Ra8 20. Ra6 Rb8 {1/2,Nehemia,
U-Bitansky,I/Dov Porath Memorial/1997/}) 10... Re8 $5 {[%cal Ye7e6] Black aims
for quick counterplay, connected with an e6 push.} (10... Bb7 $143 11. Rfe1 (
11. Bh6 e5 12. Bg5 Qd7 13. Rab1 Nfe8 14. Ne1 f5 15. f3 Nf6 16. Nd3 a6 17. b4 c4
18. Nf2 b5 19. Be3 Nh5 20. Rfe1 Ne8 21. exf5 gxf5 22. Nh3 f4 23. Bb6 Bf6 24.
Ra1 Bh4 25. Reb1 Nef6 26. axb5 axb5 27. Ra5 Rxa5 28. bxa5 Ba6 29. Bf1 Ng7 30.
Na2 Nf5 31. Nb4 Bb7 32. a6 Ba8 33. Kh1 Kh8 34. c3 Ne7 35. Bf2 Bxf2 {Djuric,
S-Cifuentes Parada,R/Buenos Aires Konex 1991/1/2-1/2 (51)}) (11. Bc4 a6 12.
Rfe1 Qd7 13. Qd3 Rad8 14. Rab1 Qc8 15. b4 cxb4 16. Rxb4 Na8 17. Nb1 Nd7 18.
Nbd2 Nc5 19. Qa3 Qd7 20. h3 e6 21. dxe6 fxe6 22. Bg3 Bc6 23. a5 b5 24. Bf1 e5
25. c4 Nc7 26. Qe3 N7e6 27. cxb5 axb5 28. Reb1 Rb8 29. Bc4 Kh8 30. Bd5 Na6 31.
Bxc6 Qxc6 32. R4b2 Nac5 33. h4 Nd4 34. Nxd4 exd4 35. Qg5 d3 36. e5 Na4 37. Rb3
Nc3 38. Rxc3 Qxc3 39. exd6 h6 40. Qe3 Rbe8 41. Ne4 Qc4 {1-0 Aseev,K-Sakhatova,
E/London Lloyds 1994}) 11... a6 (11... Qd7 12. Bh6 a6 13. Bxg7 Kxg7 14. Rab1 e6
15. dxe6 Qxe6 16. Rbd1 Rad8 17. b3 b5 18. axb5 axb5 19. Nxb5 Nxb5 20. Bxb5 Nxe4
21. Ng5 Qf5 22. Nxe4 Bxe4 23. Bd3 Bxd3 {1/2-1/2 Tangborn,E-Plaskett,J/Hastings
B 1988}) 12. Rab1 Re8 (12... Rc8 13. Bc4 Qd7 14. Qd3 Nh5 15. Bd2 e6 16. dxe6
fxe6 17. b4 Bc6 18. bxc5 bxc5 19. Rb6 Nf4 20. Bxf4 Rxf4 21. Rd1 Bxc3 22. Qxc3
Rxe4 23. Qd3 {1/2-1/2 Miles,A-Backwinkel,P/BL 1983}) 13. Bc4 $1 Nd7 14. Bh6 Ne5
15. Nxe5 Bxe5 16. Bf4 Bg7 17. Qd3 Qd7 18. b4 Reb8 19. Rb3 a5 20. bxc5 bxc5 21.
Reb1 Qc8 22. Nd1 Ra7 23. Qh3 Qxh3 24. Rxh3 Rba8 25. Rhb3 Bc8 26. Nc3 Bxc3 27.
Rxc3 f6 28. Bd2 Ba6 29. Bxa6 Nxa6 30. Rcb3 $16 {[%cal Gb1b8] _|_,<->b,Miles,
A-Dunnington,A/4NCL9697/1997/}) 11. h3 (11. Bc4 Bg4 $1 $132) (11. Rfe1 a6 (
11... Bb7 $1 {/\e6<=>}) 12. Rad1 Rb8 $6 13. e5 $1 Nh5 14. Bh6 Bh8 15. Ng5 Ng7
16. e6 Ngxe6 17. dxe6 Nxe6 18. Nxe6 fxe6 19. Bg4 Kf7 20. Ne4 Bf6 21. Qf4 e5 22.
Ng5+ Kg8 23. Qc4+ $18 {Kostic,V-Juraczka,F/AUT-chT/1989/}) 11... Bb7 12. Rfe1 (
12. Bc4 a6 (12... e6 $5 $13) 13. Rfe1 Qd7 14. Qd3 Rad8 15. Rab1 e6 16. dxe6
Nxe6 17. Bg5 Nd4 18. Nxd4 cxd4 19. Nd5 Bxd5 20. Bxd5 a5 21. Qf3 Qe7 22. b4 h6
23. Bxf6 Qxf6 24. Qxf6 Bxf6 25. bxa5 bxa5 26. Rb7 Re7 27. Reb1 Rdd7 28. Rxd7
Rxd7 29. Rb5 Bd8 $11 {Jukic,M-Gheorghiu,F/Graz op/1987/}) 12... e6 $1 13. Bc4
exd5 14. exd5 Qd7 $11 15. Rxe8+ Nfxe8 (15... Rxe8 $5 16. Bb5 (16. Nb5 Ncxd5 17.
Nxd6 Ne4 $1 $36) 16... Nxb5 17. axb5 Ba8 $132 {[%cal Yf6e4,Yd7f5] /\Ne4,Qf5})
16. Bh6 Bh8 $5 {Ivanchuk chooses a more ambitious and risky continuation.} (
16... a6 17. Bxg7 Kxg7 18. Qd3 Nf6 $11) (16... Bxc3 $5 17. bxc3 Nf6 $13) 17.
Qd3 a6 18. Rb1 Rb8 $5 (18... Nf6 $143 19. b4 $36) (18... Bxc3 19. bxc3 b5 20.
axb5 axb5 21. Bxb5 Nxb5 22. Qxb5 Qxb5 23. Rxb5 Bxd5 $11) 19. b4 $5 {This pawn
sacrifice gives White good play on the black squares.} cxb4 (19... Bxc3 20.
Qxc3 Nxd5 21. Bxd5 Bxd5 22. Re1 $44 {[%cal Re1e8] /\Re8+-}) 20. Rxb4 Bxc3 21.
Qxc3 Nxd5 (21... Bxd5 22. Bf1 $44 {[%csl Gf1,Gh6] ^^}) 22. Bxd5 Bxd5 23. Nd4
$44 Qe7 24. Rb1 Qf6 (24... Qh4 $5 25. Qe3 (25. Be3 Nf6 $15) 25... Qe4 26. Qxe4
Bxe4 27. f3 Bd5 28. Be3 $44 {[%csl Rb6,Rd6] ><b6,d6}) 25. Qd2 Nc7 26. Bg5 Qg7
27. c4 (27. Bh6 Qf6 28. Bg5 Qg7 29. Bh6 $11) 27... Be4 $1 (27... Bxc4 28. Nc6
Re8 29. Ne7+ Kh8 30. Qxd6 $40) 28. Rd1 $5 (28. Re1 Re8 29. Bf4 Qf6 30. Bg5 $11)
28... Re8 (28... Ne8 $6 29. Re1 Bb7 30. Re7 $40) 29. Be3 Qe5 $5 (29... d5 $2
30. f3 $16) (29... Ne6 30. Nxe6 Rxe6 31. Bxb6 $14 {[%csl Rg7,Rg8] ע}) (29...
Qf6 30. Ne2 b5 31. Qa5 Qb2 32. Nd4 $1 $14) 30. Ne2 Ne6 (30... b5 31. Bf4 $36)
31. Qxd6 Qa5 $138 32. Bxb6 $138 (32. Qxb6 Qxa4 33. Nc3 Qxc4 34. Nxe4 Qxe4 35.
Qxa6 Nf4 $11) (32. Ra1 $142 $1 {Huebner,R}) 32... Qxa4 33. c5 $5 (33. Rc1 Qc6
$11) 33... Bxg2 $1 $138 {Despite acute time-trouble Black starts a combination,
which releases the tension in the position.} 34. Kxg2 Qe4+ 35. Kf1 $4 {A
tactical blunder, which loses immediately.} (35. Kh2 $1 {[]} Qxe2 36. c6 $44
Nf4 $5 (36... Ng5 37. c7 Nf3+ 38. Kg3 Ne5 39. Qd5 $1 {[%csl Gc7] o^c7}) (36...
Qf3 37. Be3 Rc8 38. Rc1 Rc7 $11 {Leko}) 37. Kg3 Nh5+ (37... g5 38. c7 (38. Qd7
$5 {[%cal Rd7e8] /\Qe8}) 38... Qe4 39. f3 Nh5+ 40. Kg2 Qe2+ 41. Bf2 Nf4+ 42.
Kg3 $11) 38. Kh2 Nf4 $11) 35... Nf4 $1 $19 (35... Qh1+ $2 36. Ng1 $18) 36. Qxf4
$8 (36. Nxf4 Qh1#) (36. Ng3 Qg2#) 36... Qxe2+ 37. Kg2 Qxd1 38. Qc4 (38. Qd6 Qb1
$1 $19) 38... Qe2 (38... Re1 $19 {->}) 39. Qa4 {White practically can't avoid
the exchange of Q with a lost endgame.} (39. Qxe2 Rxe2 40. c6 Rc2 41. c7 Kf8
$19) (39. Qc3 Qe4+ 40. Kg3 Re5 $40 (40... Qe5+ $19)) 39... Qe4+ 40. Qxe4 Rxe4
41. c6 Rc4 42. c7 Kf8 {[%cal Rf8d7,Rc4c7] /\Ke7-d7,Rc7} 0-1

[Event "Dortmund"]
[Site "Dortmund"]
[Date "1994.??.??"]
[Round "7"]
[White "Epishin, Vladimir"]
[Black "Adams, Michael"]
[Result "1/2-1/2"]
[WhiteElo "2650"]
[BlackElo "2675"]
[Annotator "Stohl,I"]
[PlyCount "142"]
[EventDate "1994.07.??"]
[EventType "tourn"]
[EventRounds "9"]
[EventCountry "GER"]
[EventCategory "16"]
[SourceTitle "CBM 042"]
[Source "ChessBase"]
[SourceDate "1994.10.01"]
[SourceVersion "1"]
[SourceVersionDate "1994.10.01"]
[SourceQuality "1"]

1. d4 Nf6 2. Nf3 c5 3. d5 e6 4. Nc3 exd5 5. Nxd5 Nxd5 6. Qxd5 d6 (6... Be7 $5
7. Bf4 $5 (7. e4 O-O 8. Be2 d6 9. O-O Nc6 (9... Nd7 $5) 10. c3 Be6 11. Qh5 h6
12. Rd1 Re8 13. Bf4 Bf8 14. Nd2 g6 15. Qf3 d5 16. Qg3 Qe7 17. exd5 Bxd5 18. Bf1
Qf6 19. Nb3 Rad8 $10 {Karpov,An-Topalov,V/Dos Hermanas/1994/}) 7... Nc6 8.
O-O-O Qa5 (8... d6 $5 {/\} 9. Bxd6 Be6 10. Qd2 Bxd6 11. Qxd6 Qa5 $32) 9. a3 O-O
10. Bd6 Bxd6 11. Qxd6 c4 12. Rd5 b5 13. e3 Qa4 14. Ng5 Bb7 15. Kb1 Nd8 16. Rd4
Ne6 17. Nxe6 dxe6 18. Be2 Qa5 19. Rhd1 Rac8 20. Qe5 $16 {Johansson,J-Svensson,
B/Helsingborg SVE-ch/1991/}) 7. e4 Be7 8. Bg5 $1 Bxg5 (8... O-O 9. O-O-O Bxg5+
(9... Nc6 10. Bxe7 Qxe7 11. Qxd6 Qxe4 12. Qxc5 $14) 10. Nxg5 Nc6 11. Nxf7 $1
Rxf7 12. Bc4 Qe8 13. Qxf7+ Qxf7 14. Bxf7+ Kxf7 15. Rxd6 Be6 16. Rd2 Ke7 17. f4
g6 18. Re1 Rf8 19. Rf2 h5 20. b3 b5 21. Ref1 $14 {Thesing,M-Szalanczy,E/
Dortmund-C/1989/}) 9. Nxg5 (9. Qxg5 $6 Qxg5 10. Nxg5 h6 11. Nf3 Be6 12. O-O-O
Ke7 13. Nd2 Rd8 14. Nc4 d5 15. exd5 Rxd5 16. Rxd5 Bxd5 17. Ne3 {0,5/Sloth,
J-Hellers,F/Herning/1991/}) 9... O-O 10. Bc4 Qe7 11. Nxf7 Rxf7 12. O-O-O $14
Nc6 13. Qxd6 Kf8 14. Bxf7 Kxf7 15. Qxe7+ (15. Qf4+ Kg8 {/\Be6,Nd4<=>}) 15...
Kxe7 16. h4 (16. f4 $5 g6 17. h3 $14) 16... Be6 17. a3 Rf8 18. f3 Ne5 (18... h5
$5 {/\Ne5-g6<=>}) 19. h5 $1 h6 20. Rh4 b6 21. b3 (21. f4 $5 Nc4 22. g3 $14)
21... a5 $1 22. Kb2 a4 23. f4 Nc6 24. Rd3 axb3 25. cxb3 Rb8 (25... Nd4 26. Rg3
Kf7 27. f5 $36 {/\Rg4-g6}) 26. Rg3 Kf8 27. f5 (27. Rh1 Rd8 $15) 27... Bf7 (
27... Bg8 28. Rhg4 Rb7 29. f6 $18) 28. Rhg4 Re8 $1 $8 29. Rxg7 (29. Kc3 Nd4 $17
{/\Ne2}) 29... Rxe4 30. Rh7 Re2+ (30... Nd4 31. Rxh6 Nxf5 32. Rh8+ $132) 31.
Kc3 Nd4 32. Rxh6 Nxf5 33. Rh8+ Ke7 34. Rh3 Nd4 35. Rb8 (35. h6 $6 Rxg2 $5 {/\}
(35... Bg6 36. Kc4 Bf7+ $10) 36. h7 $2 Rc2+ 37. Kd3 Bg6+ 38. Ke3 Rc3+ $19)
35... Be6 36. Rxb6 $1 (36. h6 $2 Bxh3 37. h7 Rc2+ 38. Kd3 Bf5+ $19) (36. Rg3 b5
$5 {/\Bf5-+}) 36... Rc2+ 37. Kd3 Bf5+ 38. Ke3 Bxh3 39. gxh3 Rc3+ 40. Ke4 Rxh3
41. b4 $10 Ne6 42. bxc5 (42. Kd5 $5 Rd3+ 43. Kc4 Rd4+ 44. Kc3 $10) 42... Nxc5+
43. Kd5 Rxh5+ 44. Kc4 Kd7 45. Rg6 Nb7 46. a4 Nd6+ 47. Kb4 Kc6 48. Rg3 Rh4+ 49.
Kb3 Ne4 50. Rg6+ Kd5 51. a5 Nc5+ 52. Kc3 Rh3+ 53. Kb2 Rb3+ 54. Ka2 (54. Kc2 $5
$10) 54... Rb5 55. a6 Ra5+ 56. Kb2 Kc4 {/\Na6} 57. Rg4+ Kb5 58. Rg8 Rxa6 59.
Kc3 Ne6 60. Kd3 Kc5 61. Rh8 Ra4 62. Rh5+ Kd6 63. Ke3 Nf4 64. Rf5 Nd5+ 65. Kd3
Kc5 66. Rf3 Rd4+ (66... Ra3+ 67. Ke4) 67. Ke2 Kc4 68. Rf8 Rd3 69. Rf3 $1 Nc3+
70. Kf2 Ne4+ 71. Ke2 Rxf3 1/2-1/2

[Event "Dos Hermanas"]
[Site "Dos Hermanas"]
[Date "1994.??.??"]
[Round "9"]
[White "Karpov, Anatoly"]
[Black "Topalov, Veselin"]
[Result "1-0"]
[WhiteElo "2740"]
[BlackElo "2640"]
[Annotator "Stohl,I"]
[PlyCount "71"]
[EventDate "1994.04.??"]
[EventType "tourn"]
[EventRounds "9"]
[EventCountry "ESP"]
[EventCategory "16"]
[SourceTitle "CBM 041"]
[Source "ChessBase"]
[SourceDate "1994.08.01"]
[SourceVersion "1"]
[SourceVersionDate "1994.08.01"]
[SourceQuality "1"]

1. d4 Nf6 2. Nf3 c5 3. d5 e6 4. Nc3 Nxd5 5. Nxd5 exd5 6. Qxd5 Be7 (6... Nc6) (
6... d6 7. e4 Be7 8. Bg5 $5 O-O 9. O-O-O Bxg5+ 10. Nxg5 Nc6 11. Nxf7 Rxf7 12.
Bc4 Qe8 13. Qxf7+ Qxf7 14. Bxf7+ Kxf7 15. Rxd6 Be6 16. Rd2 Ke7 17. f4 g6 18.
Re1 Rf8 19. Rf2 $14 {Thesing,M-Szalanczy,E/Dortmund-C/1989/}) 7. e4 (7. Bg5 O-O
8. O-O-O Nc6 9. Bxe7 Qxe7 10. Qd6 Qe6 11. Kb1 b6 12. e3 Bb7 13. Be2 Nb4 $1 14.
Qxe6 dxe6 15. Rd6 Nd5 16. Ne5 Nf6 $10 {Phominyh,A-Hudecek,J/Mlada Boleslav op/
1992/}) 7... O-O 8. Be2 $5 $146 (8. Bc4 d6 9. Qd3 $5 (9. Qh5 Be6 $1 10. Bxe6
fxe6 11. Ng5 Bxg5 12. Bxg5 Qa5+ $1 13. c3 Nc6 14. O-O Rae8 15. Bh4 Qb5 16. Bg3
e5 $1 17. Rfb1 Qc4 18. Re1 b5 19. Qg4 Qe6 $13 {Gelfand,B-Adams,M/Wijk cm8/1994/
}) (9. Bf4 Nd7 10. Qd2 Nb6 11. Bd3 Bg4 (11... d5 $142 $5) 12. O-O-O Qe8 13. Kb1
c4 14. Be2 Rc8 15. c3 Bh5 16. Ka1 Bg6 17. Qe3 Qc6 18. Rhe1 Na4 19. Nd4 Qb6 20.
Rd2 Bf6 $13 {Hansen,LB-Maus,S/Luxemburg op/1990/}) (9. O-O Nd7 $1 $10) 9... Nd7
(9... Nc6 $5) 10. Bb3 b5 11. Qxb5 a5 12. Qe2 Nb6 13. c4 a4 14. Bc2 Bf6 15. O-O
Re8 16. Rd1 Bg4 17. Rb1 Be5 18. h3 Bxf3 19. Qxf3 Nxc4 20. b3 $36 {Damljanovic,
B-Perenyi,B/Saint John op-2/1988/}) 8... d6 9. O-O Nc6 {/\Nb4,d5} (9... Nd7 10.
Rd1 Nf6 11. Qd3 $14) 10. c3 Be6 11. Qh5 h6 $5 (11... d5 12. Rd1 d4 13. e5 $5 {
/\Bd3->}) 12. Rd1 Re8 13. Bf4 Bf8 $1 {ףh5} 14. Nd2 g6 15. Qf3 d5 16. Qg3 Qe7
$5 $10 (16... Bg7 17. Nc4 $1 $36) (16... d4 17. e5 {/\Ne4+/-}) 17. exd5 Bxd5
18. Bf1 Qf6 (18... Rad8 $142) 19. Nb3 Rad8 20. Rd2 Be6 (20... c4 21. Nd4 Nxd4
22. Rxd4 Bc5 23. Rd2 $36 {/\Bh6,Bc7}) 21. Bc7 $1 Rxd2 (21... Rc8 22. Bd6 $14)
22. Nxd2 Bf5 (22... Bd5 $5) (22... Qg5 23. Qxg5 hxg5 24. Ne4 Be7 25. Nd6 Bxd6
26. Bxd6 $16 {_|_^^}) 23. Nc4 $1 $16 Re4 24. Ne3 Bc8 (24... Be6 25. Bd3 {צe4})
25. Rd1 Re8 26. h3 Qg5 27. Qf3 Kg7 $6 (27... Ne5 28. Qd5 $16) 28. Bf4 Qe7 29.
Nd5 Qe4 30. Nf6 $3 Kxf6 (30... Qxf3 31. Nxe8+ $18) 31. Be5+ Kxe5 $8 32. Qxe4+
Kxe4 33. Re1+ Kf5 34. Rxe8 $18 Be6 35. Rxf8 Bxa2 36. Rc8 {/\Rc7} 1-0